<?xml version="1.0" encoding="UTF-8"?><?xml-stylesheet type="text/xsl" href="static/style.xsl"?><OAI-PMH xmlns="http://www.openarchives.org/OAI/2.0/" xmlns:xsi="http://www.w3.org/2001/XMLSchema-instance" xsi:schemaLocation="http://www.openarchives.org/OAI/2.0/ http://www.openarchives.org/OAI/2.0/OAI-PMH.xsd"><responseDate>2026-04-13T15:07:00Z</responseDate><request verb="GetRecord" identifier="oai:www.recercat.cat:10256/1723" metadataPrefix="marc">https://recercat.cat/oai/request</request><GetRecord><record><header><identifier>oai:recercat.cat:10256/1723</identifier><datestamp>2024-06-13T10:10:36Z</datestamp><setSpec>com_2072_452955</setSpec><setSpec>com_2072_2054</setSpec><setSpec>col_2072_452961</setSpec></header><metadata><record xmlns="http://www.loc.gov/MARC21/slim" xmlns:dcterms="http://purl.org/dc/terms/" xmlns:xsi="http://www.w3.org/2001/XMLSchema-instance" xmlns:doc="http://www.lyncode.com/xoai" xsi:schemaLocation="http://www.loc.gov/MARC21/slim http://www.loc.gov/standards/marcxml/schema/MARC21slim.xsd">
   <leader>00925njm 22002777a 4500</leader>
   <datafield ind2=" " ind1=" " tag="042">
      <subfield code="a">dc</subfield>
   </datafield>
   <datafield ind2=" " ind1=" " tag="720">
      <subfield code="a">Alsina, Àngel</subfield>
      <subfield code="e">author</subfield>
   </datafield>
   <datafield ind2=" " ind1=" " tag="720">
      <subfield code="a">Sàiz Roca, Dolores</subfield>
      <subfield code="e">author</subfield>
   </datafield>
   <datafield ind2=" " ind1=" " tag="260">
      <subfield code="c">2004</subfield>
   </datafield>
   <datafield ind2=" " ind1=" " tag="520">
      <subfield code="a">Este estudio analiza si es posible entrenar la memoria de trabajo en niños, puesto que tendría importantes&#xd;
aplicaciones en el rendimiento escolar. En la primera fase se administraron nueve pruebas de memoria de trabajo&#xd;
a una muestra de 50 niños de 7-8 años. En la segunda fase la muestra se dividió en dos subgrupos de 25&#xd;
niños: el grupo experimental recibió un programa de entrenamiento, y el resto formaron el grupo control. Al&#xd;
finalizar se administraron de nuevo las nueve pruebas a todos los niños. Los resultados indican que aunque&#xd;
todos mejoran su memoria de trabajo, los niños del grupo experimental presentan incrementos estadísticamente&#xd;
significativos. Estos resultados permiten concluir que es posible entrenar este sistema de memoria en niños</subfield>
   </datafield>
   <datafield ind2=" " ind1=" " tag="520">
      <subfield code="a">This study analyses if it is possible to train children’s working memory, since this would have important&#xd;
applications for school achievement. In the first part, nine working memory test were administered to a sample&#xd;
of fifty 7-8 year old children. In the second part, the sample was subdivided into two groups of twenty-five&#xd;
children: the experimental group received a training programme and the rest formed the control group. Finally,&#xd;
the nine tests were again administered to the fifty children. The results indicate that although the working&#xd;
memory of all the children improved, the experimental group children’s improvement was statistically significant.&#xd;
These results allow us to conclude that it is possible to train this memory system in children</subfield>
   </datafield>
   <datafield ind1="8" ind2=" " tag="024">
      <subfield code="a">http://hdl.handle.net/10256/1723</subfield>
   </datafield>
   <datafield tag="653" ind2=" " ind1=" ">
      <subfield code="a">Memòria -- Tests</subfield>
   </datafield>
   <datafield tag="653" ind2=" " ind1=" ">
      <subfield code="a">Memory -- Testing</subfield>
   </datafield>
   <datafield tag="653" ind2=" " ind1=" ">
      <subfield code="a">Rendiment escolar</subfield>
   </datafield>
   <datafield tag="653" ind2=" " ind1=" ">
      <subfield code="a">Academic achievement</subfield>
   </datafield>
   <datafield ind2="0" ind1="0" tag="245">
      <subfield code="a">¿Es posible entrenar la memoria de trabajo?: un programa de entrenamiento para niños de 7-8 años</subfield>
   </datafield>
</record></metadata></record></GetRecord></OAI-PMH>